[Event "Ceriano Laghetto op-B 22nd"]
[Site "Ceriano Laghetto"]
[Date "2013.03.02"]
[Round "2"]
[White "Burani, Eugenio"]
[Black "Nunziata, Vincenzo"]
[Result "1/2-1/2"]
[WhiteElo "1870"]
[BlackElo "1673"]
[PlyCount "56"]
[EventDate "2013.03.01"]
[EventType "swiss"]
[EventRounds "5"]
[EventCountry "ITA"]
[SourceTitle "EXT 2024"]
[Source "ChessBase"]
[SourceDate "2023.10.10"]
[SourceVersion "1"]
[SourceVersionDate "2023.10.10"]
[SourceQuality "1"]

1. e4 e5 2. Nf3 Nc6 3. Bc4 Bc5 4. c3 Nf6 5. d3 d6 6. 0-0 0-0 7. a4 a5 8. Nbd2 Ne7 9. Re1 Ng6 10. Nf1 h6 11. Be3 Bxe3 12. Nxe3 c6 13. Qc2 Re8 14. b4 axb4 15. cxb4 d5 16. exd5 cxd5 17. Bb3 Qd6 18. Qa2 Be6 19. b5 e4 20. Nd4 exd3 21. Qd2 Ne4 22. Qxd3 Nc5 23. Qd1 Nxb3 24. Qxb3 Qf4 25. Nxe6 fxe6 26. Nf1 Rf8 27. Qe3 e5 28. g3 Qf7 1/2-1/2